Eastern Utah Libraries Catalog: Duchesne, Heber, Roosevelt, & Vernal

The wedding planner (Record no. 14772)

MARC details
000 -LEADER
fixed length control field 03748cgm a2200769Ia 4500
003 - CONTROL NUMBER IDENTIFIER
control field OCoLC
005 - DATE AND TIME OF LATEST TRANSACTION
control field 20241220110456.0
007 - PHYSICAL DESCRIPTION FIXED FIELD--GENERAL INFORMATION
fixed length control field vd cgaizs
008 - FIXED-LENGTH DATA ELEMENTS--GENERAL INFORMATION
fixed length control field 010504s2001 xxu104 g vleng d
001 - CONTROL NUMBER
control field ocm46873149
020 ## - INTERNATIONAL STANDARD BOOK NUMBER
International Standard Book Number 0767863283
Terms of availability $24.95
024 1# - OTHER STANDARD IDENTIFIER
Standard number or code 043396061576
028 42 - PUBLISHER NUMBER
Publisher number 06157
Source Columbia TriStar Home Entertainment
035 ## - SYSTEM CONTROL NUMBER
System control number (Sirsi) i9780767863285
040 ## - CATALOGING SOURCE
Original cataloging agency TEF
Transcribing agency TEF
Modifying agency WIQ
041 1# - LANGUAGE CODE
Language code of text/sound track or separate title eng
Language code of summary or abstract/overprinted title or subtitle frespa
049 ## - LOCAL HOLDINGS (OCLC)
Holding library WIQA
082 ## - DEWEY DECIMAL CLASSIFICATION NUMBER
Classification number 791.437
092 ## - LOCALLY ASSIGNED DEWEY CALL NUMBER (OCLC)
Classification number 791.437
245 04 - TITLE STATEMENT
Title The wedding planner
Medium [videorecording] /
Statement of responsibility, etc Columbia Pictures & Intermedia Films present a Tapestry Films, Dee Gee Entertainment, IMF production in association with Prufrock Pictures ; produced by Peter Abrams, Robert L. Levy, Jennifer Gibgot, Gigi Pritzker, Deborah Del Prete ; written by Pamela Falk & Michael Ellis ; directed by Adam Shankman.
260 ## - PUBLICATION, DISTRIBUTION, ETC. (IMPRINT)
Place of publication, distribution, etc [United States] :
Name of publisher, distributor, etc Columbia TriStar Home Entertainment,
Date of publication, distribution, etc c2001.
300 ## - PHYSICAL DESCRIPTION
Extent 1 videodisc (104 min.) :
Other physical details sd., col. ;
Dimensions 4 3/4 in.
500 ## - GENERAL NOTE
General note DVD release of the 2001 motion picture.
500 ## - GENERAL NOTE
General note Special features: Digitally mastered audio & anamorphic video, widescreen presentation, director and writer commentary, "making-of" featurette, "The dancer and the cowboy" featurette, deleted scenes with optional commentary, theatrical trailers, filmographies, production notes, scene selections, link to official website.
500 ## - GENERAL NOTE
General note DVD.
508 ## - CREATION/PRODUCTION CREDITS NOTE
Creation/production credits note Director of photography, Julio Macat ; editor, Lisa Zeno Churgin ; music, Mervyn Warren ; costume designer, Pamela Withers ; production designer, Bob Ziembicki.
511 1# - PARTICIPANT OR PERFORMER NOTE
Participant or performer note Jennifer Lopez, Matthew McConaughey, Bridgette Wilson-Sampras, Justin Chambers, Judy Greer, Alex Rocco, Joanna Gleason, Charles Kimbrough, Fred Willard, Lou Myers, Frances Bay.
520 ## - SUMMARY, ETC.
Summary, etc A romantic comedy about love, marriage and other events you just can't plan for. Mary (Jennifer Lopez) is a successful, work obsessed wedding planner in San Francisco who finally finds a man of her own (Matthew McConaughey), or so she thinks. He turns out to be the groom in the biggest wedding of her career. Will she get the job or the guy?
521 8# - TARGET AUDIENCE NOTE
Target audience note MPAA rating: PG-13.
538 ## - SYSTEM DETAILS NOTE
System details note DVD-ROM, Dolby digital, Dolby surround.
546 ## - LANGUAGE NOTE
Language note English dialogue, with optional English, French or Spanish subtitles.
655 #0 - INDEX TERM--GENRE/FORM
Genre/form data or focus term Feature films.
9 (RLIN) 6110244
655 #0 - INDEX TERM--GENRE/FORM
Genre/form data or focus term Comedy films.
9 (RLIN) 6110245
655 #0 - INDEX TERM--GENRE/FORM
Genre/form data or focus term Video recordings for the hearing impaired.
9 (RLIN) 6110246
700 1# - ADDED ENTRY--PERSONAL NAME
Personal name Abrams, Peter D.
9 (RLIN) 25522
700 1# - ADDED ENTRY--PERSONAL NAME
Personal name Levy, Robert L.
9 (RLIN) 69483
700 1# - ADDED ENTRY--PERSONAL NAME
Personal name Gibgot, Jennifer.
9 (RLIN) 56558
700 1# - ADDED ENTRY--PERSONAL NAME
Personal name Pritzker, Gigi.
9 (RLIN) 6110247
700 1# - ADDED ENTRY--PERSONAL NAME
Personal name Del Prete, Deborah.
9 (RLIN) 6110248
700 1# - ADDED ENTRY--PERSONAL NAME
Personal name Falk, Pamela.
9 (RLIN) 72892
700 1# - ADDED ENTRY--PERSONAL NAME
Personal name Ellis, Michael.
9 (RLIN) 29839
700 1# - ADDED ENTRY--PERSONAL NAME
Personal name Shankman, Adam.
9 (RLIN) 67096
700 1# - ADDED ENTRY--PERSONAL NAME
Personal name Lopez, Jennifer,
Dates associated with a name 1970-
9 (RLIN) 63032
700 1# - ADDED ENTRY--PERSONAL NAME
Personal name McConaughey, Matthew,
Dates associated with a name 1969-
9 (RLIN) 63419
700 1# - ADDED ENTRY--PERSONAL NAME
Personal name Wilson, Bridgette.
9 (RLIN) 61759
700 1# - ADDED ENTRY--PERSONAL NAME
Personal name Chambers, Justin.
9 (RLIN) 67455
700 1# - ADDED ENTRY--PERSONAL NAME
Personal name Greer, Judy,
Dates associated with a name 1971-
9 (RLIN) 66806
700 1# - ADDED ENTRY--PERSONAL NAME
Personal name Rocco, Alex,
Dates associated with a name 1936-
9 (RLIN) 76410
700 1# - ADDED ENTRY--PERSONAL NAME
Personal name Gleason, Joanna.
9 (RLIN) 33544
700 1# - ADDED ENTRY--PERSONAL NAME
Personal name Kimbrough, Charles.
9 (RLIN) 76527
700 1# - ADDED ENTRY--PERSONAL NAME
Personal name Willard, Fred.
9 (RLIN) 46440
700 1# - ADDED ENTRY--PERSONAL NAME
Personal name Macat, Julio.
9 (RLIN) 72516
700 1# - ADDED ENTRY--PERSONAL NAME
Personal name Churgin, Lisa Zeno,
Dates associated with a name 1955-
9 (RLIN) 71622
700 1# - ADDED ENTRY--PERSONAL NAME
Personal name Warren, Mervyn.
9 (RLIN) 67719
710 2# - ADDED ENTRY--CORPORATE NAME
Corporate name or jurisdiction name as entry element Columbia Pictures.
9 (RLIN) 23896
710 2# - ADDED ENTRY--CORPORATE NAME
Corporate name or jurisdiction name as entry element Intermedia Films.
9 (RLIN) 67245
710 2# - ADDED ENTRY--CORPORATE NAME
Corporate name or jurisdiction name as entry element Tapestry Films.
9 (RLIN) 66095
710 2# - ADDED ENTRY--CORPORATE NAME
Corporate name or jurisdiction name as entry element Dee Gee Entertainment.
9 (RLIN) 6110249
710 2# - ADDED ENTRY--CORPORATE NAME
Corporate name or jurisdiction name as entry element IMF Productions (Firm)
9 (RLIN) 67243
710 2# - ADDED ENTRY--CORPORATE NAME
Corporate name or jurisdiction name as entry element Prufrock Films.
9 (RLIN) 6110250
710 2# - ADDED ENTRY--CORPORATE NAME
Corporate name or jurisdiction name as entry element Columbia TriStar Home Entertainment (Firm)
9 (RLIN) 66838
913 00 -
-- *WPLANN99000
942 ## - ADDED ENTRY ELEMENTS (KOHA)
Koha item type DVD
994 ## -
-- 02
-- WIQ
979 ## -
-- 326573
998 ## - LOCAL CONTROL INFORMATION (RLIN)
-- a29177
Holdings
Withdrawn status Lost status Source of classification or shelving scheme Damaged status Not for loan Collection code Home library Current library Shelving location Date acquired Source of acquisition Cost, normal purchase price Total Checkouts Total Renewals Full call number Barcode Date last seen Date checked out Cost, replacement price Price effective from Koha item type
    Dewey Decimal Classification     Movies Wasatch County Library Wasatch County Library Audio Visual Area 10/17/2011 Donation 25.00 58 6 DVD Wed 34301001007923 06/13/2025 06/02/2025 25.00 03/20/2020 DVD
This project was made possible through a grant from the Institute of Museum and Library Service administered by the Utah State Library Division.

Wasatch County Library

  • 465 East 1200 South, Heber City, Utah 84032
  • Phone 435-654-1511 | Fax 435-654-6456

Hours

  • Monday - Friday 9:30 AM - 8:00 PM
  • Saturday 9:30 AM - 1:30 PM
  • Closed Sundays and Holidays